<?xml version="1.0" encoding="UTF-8"?><?xml-stylesheet type="text/xsl" href="static/style.xsl"?><OAI-PMH xmlns="http://www.openarchives.org/OAI/2.0/" xmlns:xsi="http://www.w3.org/2001/XMLSchema-instance" xsi:schemaLocation="http://www.openarchives.org/OAI/2.0/ http://www.openarchives.org/OAI/2.0/OAI-PMH.xsd"><responseDate>2026-04-14T13:17:49Z</responseDate><request verb="GetRecord" identifier="oai:uvadoc.uva.es:10324/14031" metadataPrefix="marc">https://uvadoc.uva.es/oai/request</request><GetRecord><record><header><identifier>oai:uvadoc.uva.es:10324/14031</identifier><datestamp>2021-06-29T11:06:42Z</datestamp><setSpec>com_10324_38</setSpec><setSpec>col_10324_852</setSpec></header><metadata><record xmlns="http://www.loc.gov/MARC21/slim" xmlns:doc="http://www.lyncode.com/xoai" xmlns:xsi="http://www.w3.org/2001/XMLSchema-instance" xmlns:dcterms="http://purl.org/dc/terms/" xsi:schemaLocation="http://www.loc.gov/MARC21/slim http://www.loc.gov/standards/marcxml/schema/MARC21slim.xsd">
<leader>00925njm 22002777a 4500</leader>
<datafield tag="042" ind1=" " ind2=" ">
<subfield code="a">dc</subfield>
</datafield>
<datafield tag="720" ind1=" " ind2=" ">
<subfield code="a">Catalina Bazán, Sandra</subfield>
<subfield code="e">author</subfield>
</datafield>
<datafield tag="260" ind1=" " ind2=" ">
<subfield code="c">2015</subfield>
</datafield>
<datafield tag="520" ind1=" " ind2=" ">
<subfield code="a">Este trabajo se ha centrado en la síntesis, aislamiento y caracterización de una serie de derivados de 1,2,3-Triazolilureas, empleando métodos químicos muy variados. El esquema sintético parte de ácido 4-bromocinámico y utiliza un proceso “click” para la preparación del 1,2,3-triazolilderivado. A partir de él y mediante acoplamientos de Stille, se modifica el resto aromático unido al heterociclo, proporcionando así los productos finales. Se han preparado 1,2,3-triazolilureas derivadas de bencilpiperidina y de fenilpiperidina, cuyo interés radica en su papel como inhibidores de procesos enzimáticos de gran importancia en los seres vivos.</subfield>
</datafield>
<datafield tag="024" ind2=" " ind1="8">
<subfield code="a">http://uvadoc.uva.es/handle/10324/14031</subfield>
</datafield>
<datafield ind1=" " ind2=" " tag="653">
<subfield code="a">Triazolilureas</subfield>
</datafield>
<datafield ind1=" " ind2=" " tag="653">
<subfield code="a">Procesos enzimáticos - Inhibición</subfield>
</datafield>
<datafield tag="245" ind1="0" ind2="0">
<subfield code="a">Síntesis de 1,2,3-triazoles derivados de urea, para su estudio como inhibidores de diacilglicerol lipasas (DAGLs)</subfield>
</datafield>
</record></metadata></record></GetRecord></OAI-PMH>